000 00888cam a2200313 4500500
005 20260405002850.0
041 _afre
042 _adc
100 1 0 _aLegros, Martin
_eauthor
245 0 0 _aFrancis Eustache, Denis Peschanski. Que reste-t-il de nos blessures ?
260 _c2019.
500 _a95
690 _a13 novembre 2015
690 _aAttentats
690 _aBataclan
690 _aCharlie Hebdo
690 _aDenis Peschanski
690 _aEnquête
690 _aFlashbulb Memory
690 _aFrancis Eustache
690 _aHyper Cacher
690 _aMémoire
690 _aRemember
690 _aSouvenir
690 _aTemps
690 _aVigilance
786 0 _nPhilosophie magazine | 127 | 3 | 2019-03-01 | p. 18-19 | 1951-1787
856 4 1 _uhttps://shs.cairn.info/magazine-philosophie-magazine-2019-3-page-18?lang=fr&redirect-ssocas=7080
999 _c2061896
_d2061896